[Event "SVK-chT2B 10/11"]
[Site "Slovakia"]
[Date "2011.02.05"]
[Round "6.1"]
[White "Chovanec, Milan"]
[Black "Velcko, Miroslav"]
[Result "1/2-1/2"]
[WhiteElo "2152"]
[BlackElo "2161"]
[PlyCount "47"]
[EventDate "2010.10.23"]
[EventType "team-tourn"]
[EventRounds "11"]
[EventCountry "SVK"]
[SourceTitle "EXT 2019"]
[Source "ChessBase"]
[SourceDate "2018.10.10"]
[SourceVersion "1"]
[SourceVersionDate "2018.10.10"]
[SourceQuality "1"]
[WhiteTeam "Povazska Bystrica SK Sparta"]
[BlackTeam "Trencin SK II"]
[WhiteTeamCountry "SVK"]
[BlackTeamCountry "SVK"]

1. e4 d6 2. d4 Nf6 3. Nc3 g6 4. f4 Bg7 5. Nf3 c6 6. Bd3 a5 7. 0-0 Na6 8. e5 Nd5 9. Nxd5 cxd5 10. c3 0-0 11. Qc2 dxe5 12. fxe5 Nc7 13. Qf2 f5 14. exf6 exf6 15. Bd2 Be6 16. Rae1 Re8 17. Re2 Qd7 18. Rfe1 Bf7 19. Qf1 Qa4 20. Bb1 Rxe2 21. Rxe2 Re8 22. Rxe8+ Qxe8 23. Qe1 Qxe1+ 24. Nxe1 1/2-1/2

[Event "SVK-chT2B 0809"]
[Site "Slovakia"]
[Date "2008.10.11"]
[Round "1.5"]
[White "Berza, Stefan"]
[Black "Velcko, Miroslav"]
[Result "0-1"]
[WhiteElo "2124"]
[BlackElo "2174"]
[PlyCount "100"]
[EventDate "2008.10.11"]
[EventType "team-tourn"]
[EventRounds "11"]
[EventCountry "SVK"]
[SourceTitle "EXT 2010"]
[Source "ChessBase"]
[SourceDate "2010.11.25"]
[SourceVersion "1"]
[SourceVersionDate "2010.11.25"]
[SourceQuality "1"]
[WhiteTeam "Komarno KSC"]
[BlackTeam "Trencin SK II"]
[WhiteTeamCountry "SVK"]
[BlackTeamCountry "SVK"]

1. e4 d6 2. d4 Nf6 3. Nc3 g6 4. Be2 Bg7 5. Nf3 0-0 6. h3 b6 7. Bf4 Bb7 8. Qd3 Na6 9. 0-0 Nb4 10. Qd2 c5 11. d5 Qd7 12. Rfe1 Rad8 13. Rad1 Na6 14. Bf1 Nc7 15. a4 a6 16. Bh6 b5 17. Bxg7 Kxg7 18. axb5 axb5 19. Qe3 b4 20. Ne2 e6 21. Ng3 exd5 22. e5 dxe5 23. Nxe5 Qd6 24. Qg5 Bc8 25. Nc4 h6 26. Qc1 Qc6 27. Ne5 Qb6 28. Kh1 Ne6 29. f4 Nd4 30. c3 bxc3 31. bxc3 Nf5 32. Nxf5+ Bxf5 33. Bd3 Bxd3 34. Rxd3 Ne4 35. Rf1 c4 36. Rdf3 f6 37. Ng4 h5 38. Ne3 h4 39. Kh2 Qd6 40. Ng4 Rfe8 41. Qd1 Z0 42. Qd4 Qc5 43. Nxf6 Qxd4 44. Nxe8+ Rxe8 45. cxd4 Nd2 46. Rd1 Nxf3+ 47. gxf3 Kf6 48. Rg1 Re2+ 49. Kh1 Rd2 50. f5 gxf5 0-1

[Event "SVK-chT1E 0708"]
[Site "Slovakia"]
[Date "2007.12.09"]
[Round "6.6"]
[White "Capak, Stefan"]
[Black "Velcko, Miroslav"]
[Result "1/2-1/2"]
[WhiteElo "1996"]
[BlackElo "2174"]
[PlyCount "56"]
[EventDate "2007.10.13"]
[EventType "team-swiss"]
[EventRounds "11"]
[EventCountry "SVK"]
[SourceTitle "EXT 2019"]
[Source "ChessBase"]
[SourceDate "2018.10.10"]
[SourceVersion "1"]
[SourceVersionDate "2018.10.10"]
[SourceQuality "1"]
[WhiteTeam "Povazska Bystrica Sparta"]
[BlackTeam "Trencin SK"]
[WhiteTeamCountry "SVK"]
[BlackTeamCountry "SVK"]

1. d4 d5 2. Nf3 Nf6 3. c4 e6 4. Bg5 Be7 5. e3 0-0 6. Bd3 b6 7. 0-0 Bb7 8. Nc3 dxc4 9. Bxc4 Nbd7 10. Qe2 c5 11. Rfd1 Ne4 12. Nxe4 Bxe4 13. Bf4 cxd4 14. Nxd4 e5 15. Ne6 fxe6 16. Bxe6+ Kh8 17. Rxd7 exf4 18. Rxd8 Raxd8 19. exf4 Rxf4 20. f3 Bc5+ 21. Kh1 Bb7 22. Bb3 Rdf8 23. Rf1 a5 24. Bc2 Bd5 25. Qd3 Be4 26. Qd2 Bc6 27. Qd3 Be4 28. Qd2 Bc6 1/2-1/2

[Event "SVK-chT1E 0708"]
[Site "Slovakia"]
[Date "2007.12.08"]
[Round "5.5"]
[White "Velcko, Miroslav"]
[Black "Detko, Jan"]
[Result "0-1"]
[WhiteElo "2174"]
[BlackElo "2124"]
[PlyCount "44"]
[EventDate "2007.10.13"]
[EventType "team-swiss"]
[EventRounds "11"]
[EventCountry "SVK"]
[SourceTitle "EXT 2019"]
[Source "ChessBase"]
[SourceDate "2018.10.10"]
[SourceVersion "1"]
[SourceVersionDate "2018.10.10"]
[SourceQuality "1"]
[WhiteTeam "Trencin SK"]
[BlackTeam "Prievidza SK"]
[WhiteTeamCountry "SVK"]
[BlackTeamCountry "SVK"]

1. c4 e5 2. Nc3 Nc6 3. g3 f5 4. Bg2 Nf6 5. Nf3 Bb4 6. 0-0 Bxc3 7. dxc3 d6 8. Qc2 0-0 9. Bg5 Qe8 10. Rad1 Qh5 11. Qc1 f4 12. Rfe1 Bh3 13. gxf4 Ng4 14. e4 h6 15. Bh4 Bxg2 16. Kxg2 exf4 17. Rd5 Nge5 18. Nd4 Qxh4 19. Nf5 Qg4+ 20. Kh1 Qf3+ 21. Kg1 Rf6 22. Kf1 Ng4 0-1

[Event "SVK-chT1E 0708"]
[Site "Slovakia"]
[Date "2007.10.14"]
[Round "2.3"]
[White "Velcko, Miroslav"]
[Black "Sturdik, Igor"]
[Result "1-0"]
[WhiteElo "2174"]
[BlackElo "2020"]
[PlyCount "93"]
[EventDate "2007.10.13"]
[EventType "team-swiss"]
[EventRounds "11"]
[EventCountry "SVK"]
[SourceTitle "EXT 2019"]
[Source "ChessBase"]
[SourceDate "2018.10.10"]
[SourceVersion "1"]
[SourceVersionDate "2018.10.10"]
[SourceQuality "1"]
[WhiteTeam "Trencin SK"]
[BlackTeam "Trnava Lokomotiva"]
[WhiteTeamCountry "SVK"]
[BlackTeamCountry "SVK"]

1. c4 Nf6 2. Nf3 g6 3. g3 Bg7 4. Bg2 0-0 5. 0-0 d6 6. Nc3 Nbd7 7. b3 e5 8. Bb2 Re8 9. d4 c6 10. Qd2 e4 11. Ne1 d5 12. cxd5 cxd5 13. Rc1 Nb6 14. Nb5 a6 15. Nc7 Nc4 16. Rxc4 dxc4 17. Nxe8 Qxe8 18. bxc4 Qa4 19. Qc3 Bd7 20. Nc2 Rc8 21. Ne3 b5 22. c5 b4 23. Qb3 Qb5 24. Qc4 Qa5 25. Ra1 Be6 26. Qc2 Qb5 27. a4 Qd7 28. Nc4 Bxc4 29. Qxc4 a5 30. Qc2 Qc6 31. Rc1 Re8 32. Rd1 Qd5 33. f3 Qh5 34. c6 Nd5 35. fxe4 Nc3 36. Bxc3 bxc3 37. Bf3 Qg5 38. Qxc3 Rc8 39. e5 h5 40. Qd2 Qd8 41. e3 h4 42. Rc1 hxg3 43. hxg3 Qg5 44. Kf2 Qd8 45. Qc3 Bf8 46. c7 Qd7 47. Qxa5 1-0

[Event "SVK-chT1W 0607"]
[Site "Slovakia"]
[Date "2007.02.11"]
[Round "9.4"]
[White "Machalova, Erika"]
[Black "Velcko, Miroslav"]
[Result "1/2-1/2"]
[WhiteElo "2162"]
[BlackElo "2152"]
[PlyCount "85"]
[EventDate "2006.10.07"]
[EventType "team-tourn"]
[EventRounds "11"]
[EventCountry "SVK"]
[SourceTitle "EXT 2008"]
[Source "ChessBase"]
[SourceDate "2007.11.25"]
[SourceVersion "1"]
[SourceVersionDate "2007.11.25"]
[SourceQuality "1"]
[WhiteTeam "Budmerice"]
[BlackTeam "Trencin SK"]
[WhiteTeamCountry "SVK"]
[BlackTeamCountry "SVK"]

1. d4 d5 2. c4 e6 3. Nc3 Nf6 4. Bg5 Be7 5. Nf3 0-0 6. e3 b6 7. cxd5 Nxd5 8. Nxd5 exd5 9. Bxe7 Qxe7 10. Bd3 c5 11. dxc5 bxc5 12. 0-0 Be6 13. Rc1 Nd7 14. Qc2 h6 15. Bb5 Rfc8 16. Rfd1 Rab8 17. Qa4 Nb6 18. Qa3 Bg4 19. Be2 Kf8 20. Rc2 c4 21. Qa5 Rc5 22. Qb4 Nd7 23. Qc3 Nf6 24. Qe5 Rbb5 25. Qxe7+ Kxe7 26. b3 Bxf3 27. gxf3 cxb3 28. axb3 Rb7 29. Ra2 Rcc7 30. Rda1 Rxb3 31. Rxa7 Rbb7 32. R7a5 Rb2 33. R5a2 Rcc2 34. Rxb2 Rxb2 35. Bd3 Rd2 36. Bb5 d4 37. Ra3 dxe3 38. fxe3 g5 39. Ra7+ Kf8 40. Bc4 Rd7 41. Ra5 Rd2 42. Ra7 Rd7 43. Ra5 1/2-1/2

[Event "SVK-chT1W 0506"]
[Site "Slovakia"]
[Date "2005.??.??"]
[Round "?"]
[White "Berza, Stefan"]
[Black "Velcko, Miroslav"]
[Result "1-0"]
[WhiteElo "2150"]
[BlackElo "2180"]
[PlyCount "49"]
[EventDate "2005.10.15"]
[EventType "team-tourn"]
[EventRounds "11"]
[EventCountry "SVK"]
[SourceTitle "EXT 2008"]
[Source "ChessBase"]
[SourceDate "2007.11.25"]
[SourceVersion "1"]
[SourceVersionDate "2007.11.25"]
[SourceQuality "1"]

1. e4 d6 2. d4 e5 3. Bc4 Nc6 4. Nf3 Be7 5. Nc3 exd4 6. Nxd4 Nxd4 7. Qxd4 Bf6 8. Qe3 Ne7 9. Bd2 Nc6 10. 0-0-0 0-0 11. Nd5 Be6 12. f4 Bxd5 13. Bxd5 Ne7 14. Bb3 Ng6 15. g4 Qd7 16. g5 Bd8 17. h4 c6 18. h5 Bb6 19. Qg3 Ne7 20. f5 Kh8 21. Bc3 d5 22. f6 gxf6 23. gxf6 Rg8 24. fxe7+ d4 25. Qe5+ 1-0

[Event "SVK-chT1W 0405"]
[Site "Slovakia"]
[Date "2005.??.??"]
[Round "5"]
[White "Velcko, Miroslav"]
[Black "Dobrotka, Martin"]
[Result "0-1"]
[WhiteElo "2156"]
[BlackElo "2196"]
[PlyCount "42"]
[EventDate "2004.10.??"]
[EventType "team"]
[EventRounds "11"]
[EventCountry "SVK"]
[SourceTitle "EXT 2006"]
[Source "ChessBase"]
[SourceDate "2005.11.24"]
[SourceVersion "1"]
[SourceVersionDate "2005.11.24"]
[SourceQuality "1"]

1. c4 Nf6 2. Nf3 g6 3. Nc3 Bg7 4. g3 c6 5. Bg2 0-0 6. 0-0 d6 7. b3 Qa5 8. Bb2 Qh5 9. Qc2 Bh3 10. Ne4 Nbd7 11. Rad1 Nxe4 12. Bxg7 Nxg3 13. fxg3 Kxg7 14. Bxh3 Qxh3 15. d4 Nf6 16. e4 Rad8 17. e5 Ng4 18. Qe2 Kg8 19. e6 f6 20. Nh4 Nh6 21. Qe3 Qxh2+ 0-1

[Event "SVK-chT1W 0506"]
[Site "Slovakia"]
[Date "2005.??.??"]
[Round "?"]
[White "Velcko, Miroslav"]
[Black "Eged, Igor"]
[Result "0-1"]
[WhiteElo "2180"]
[BlackElo "2105"]
[PlyCount "52"]
[EventDate "2005.10.15"]
[EventType "team-tourn"]
[EventRounds "11"]
[EventCountry "SVK"]
[SourceTitle "EXT 2008"]
[Source "ChessBase"]
[SourceDate "2007.11.25"]
[SourceVersion "1"]
[SourceVersionDate "2007.11.25"]
[SourceQuality "1"]

1. c4 c5 2. Nf3 Nf6 3. d4 e6 4. Nc3 cxd4 5. Nxd4 a6 6. e3 Be7 7. Be2 d5 8. 0-0 dxc4 9. Bxc4 b5 10. Qf3 Ra7 11. Bb3 0-0 12. Rd1 Qb6 13. Bd2 Rd7 14. a4 Bb7 15. Qh3 e5 16. Nf5 bxa4 17. Bxa4 Nc6 18. Qg3 g6 19. Nxe7+ Rxe7 20. e4 Nd4 21. Qh4 Re6 22. Be3 Qxb2 23. Rab1 Qxc3 24. Rxb7 Qa3 25. Bd7 Nxd7 26. Rxd7 Qa4 0-1

[Event "SVK-chT1W 0405"]
[Site "Slovakia"]
[Date "2004.??.??"]
[Round "3"]
[White "Kovacocy, Pavol"]
[Black "Velcko, Miroslav"]
[Result "1-0"]
[WhiteElo "2268"]
[BlackElo "2156"]
[PlyCount "53"]
[EventDate "2004.10.??"]
[EventType "team"]
[EventRounds "11"]
[EventCountry "SVK"]
[SourceTitle "EXT 2006"]
[Source "ChessBase"]
[SourceDate "2005.11.24"]
[SourceVersion "1"]
[SourceVersionDate "2005.11.24"]
[SourceQuality "1"]

1. e4 d6 2. d4 Nf6 3. Nc3 g6 4. f4 Bg7 5. Nf3 c6 6. Bd3 Na6 7. 0-0 Nc7 8. h3 0-0 9. Be3 b6 10. Qe1 c5 11. Rd1 cxd4 12. Bxd4 Ne6 13. Be3 Bb7 14. f5 gxf5 15. e5 Ne4 16. Nh4 Nxc3 17. bxc3 Be4 18. Nxf5 Bxd3 19. Rxd3 Bxe5 20. Bh6 Kh8 21. Bxf8 Qxf8 22. Qh4 f6 23. Nh6 Ng5 24. Qh5 Rc8 25. h4 Ne4 26. Nf7+ Kg8 27. Nxe5 1-0

[Event "SVK-chT1W 0001"]
[Site "Slovakia"]
[Date "2001.??.??"]
[Round "11"]
[White "Velcko, Miroslav"]
[Black "Oprea, Erik"]
[Result "0-1"]
[WhiteElo "2112"]
[BlackElo "2128"]
[PlyCount "63"]
[EventDate "2000.??.??"]
[EventType "team"]
[EventRounds "11"]
[EventCountry "SVK"]
[SourceTitle "EXT 2002"]
[Source "ChessBase"]
[SourceDate "2001.11.25"]
[SourceVersion "1"]
[SourceVersionDate "2001.11.25"]
[SourceQuality "1"]

1. c4 e5 2. Nc3 Nf6 3. g3 Be7 4. Bg2 c6 5. Nh3 d5 6. cxd5 cxd5 7. d4 exd4 8. Qxd4 Nc6 9. Qa4 d4 10. Nb5 0-0 11. Nf4 Bf5 12. Bd2 Ne4 13. 0-0 Rc8 14. Rfd1 Qd7 15. Na3 Rfd8 16. Nd3 a6 17. Rac1 b5 18. Qxa6 b4 19. Nb1 Nb8 20. Qb6 Qa4 21. Bxb4 Bf6 22. Qa5 Qd7 23. Nd2 Ng5 24. h4 Nh3+ 25. Kh2 Re8 26. Nc5 Rxc5 27. Rxc5 Nxf2 28. Rxf5 Nxd1 29. Ne4 Nc6 30. Nxf6+ gxf6 31. Qc5 Nxb4 32. Rxf6 0-1

[Event "SVK-chT1W 0001"]
[Site "Slovakia"]
[Date "2000.??.??"]
[Round "3"]
[White "Pasko, Peter"]
[Black "Velcko, Miroslav"]
[Result "1/2-1/2"]
[WhiteElo "2170"]
[BlackElo "2130"]
[PlyCount "71"]
[EventDate "2000.??.??"]
[EventType "team"]
[EventRounds "11"]
[EventCountry "SVK"]
[SourceTitle "EXT 2002"]
[Source "ChessBase"]
[SourceDate "2001.11.25"]
[SourceVersion "1"]
[SourceVersionDate "2001.11.25"]
[SourceQuality "1"]

1. e4 d6 2. d4 Nf6 3. Nc3 g6 4. Nf3 Bg7 5. Be2 c6 6. 0-0 0-0 7. h3 a5 8. Be3 Na6 9. Nd2 b5 10. f4 Bd7 11. e5 dxe5 12. fxe5 Nd5 13. Nxd5 cxd5 14. Nf3 Qb6 15. Qd2 Rac8 16. c3 Nc7 17. Bh6 b4 18. Bxg7 Kxg7 19. Qg5 f6 20. Qe3 bxc3 21. bxc3 Bf5 22. Nh4 Be4 23. Bf3 Bxf3 24. Rxf3 Ne6 25. Raf1 Ng5 26. Rg3 Ne4 27. Nf5+ Kf7 28. Qh6 gxf5 29. Qh5+ Ke6 30. Qxf5+ Kf7 31. e6+ Ke8 32. Qh5+ Kd8 33. Qxd5+ Qd6 34. Qxa5+ Qc7 35. Qd5+ Qd6 36. Qa5+ 1/2-1/2

[Event "SVK-chT1W 0001"]
[Site "Slovakia"]
[Date "2000.??.??"]
[Round "1"]
[White "Velcko, Miroslav"]
[Black "Lesny, Stefan"]
[Result "1/2-1/2"]
[WhiteElo "2130"]
[BlackElo "2078"]
[PlyCount "136"]
[EventDate "2000.??.??"]
[EventType "team"]
[EventRounds "11"]
[EventCountry "SVK"]
[SourceTitle "EXT 2002"]
[Source "ChessBase"]
[SourceDate "2001.11.25"]
[SourceVersion "1"]
[SourceVersionDate "2001.11.25"]
[SourceQuality "1"]

1. c4 e5 2. Nc3 Nc6 3. g3 Nf6 4. Bg2 d6 5. Nf3 Be7 6. d4 0-0 7. 0-0 Re8 8. b3 Bf8 9. dxe5 dxe5 10. Qxd8 Rxd8 11. Bg5 Be6 12. Nb5 Rd7 13. Rfd1 Ne8 14. Rxd7 Bxd7 15. Rd1 Be6 16. Ne1 f6 17. Be3 a6 18. Bxc6 bxc6 19. Na7 c5 20. Nc6 e4 21. Nd8 Bc8 22. Ng2 Bg4 23. Kf1 Nd6 24. Nc6 Nb7 25. Nf4 Bd6 26. Nd5 Kf7 27. b4 Bd7 28. bxc5 Bxc6 29. cxd6 cxd6 30. Nc7 Rc8 31. Nxa6 Ba4 32. Rb1 Na5 33. c5 dxc5 34. Nxc5 Bc6 35. Rb4 f5 36. Nb3 Nxb3 37. axb3 Bd5 38. Rb5 Ke6 39. b4 Rc7 40. Rb6+ Kf7 41. Bc5 Rb7 42. Rd6 Bc4 43. Ke1 Bb5 44. Kd2 Rd7 45. Rxd7+ Bxd7 46. Kc3 g5 47. Kd4 Ke6 48. Bf8 Bc6 49. Bh6 g4 50. Kc5 Kd7 51. b5 Bb7 52. Bf4 Ba8 53. e3 Bb7 54. Bh6 Ba8 55. Bg7 Bb7 56. Bc3 Ba8 57. Ba5 Bb7 58. Kb6 Bd5 59. Bb4 Ba8 60. Ka7 Bd5 61. Kb8 Bc4 62. b6 Kc6 63. Ba5 Ba6 64. Ka7 Bc8 65. Bc3 Bb7 66. Bd4 Bc8 67. Kb8 Ba6 68. Ka7 Bb7 1/2-1/2

[Event "SVK-chT 9900"]
[Site "Slovakia"]
[Date "1999.??.??"]
[Round "4"]
[White "Velcko, Miroslav"]
[Black "Prielozny, Stanislav"]
[Result "0-1"]
[WhiteElo "2110"]
[BlackElo "2118"]
[PlyCount "102"]
[EventDate "1999.??.??"]
[EventType "team"]
[EventRounds "11"]
[EventCountry "SVK"]
[SourceTitle "EXT 2001"]
[Source "ChessBase"]
[SourceDate "2000.11.22"]
[SourceVersion "1"]
[SourceVersionDate "2000.11.22"]
[SourceQuality "1"]

1. c4 c6 2. g3 d5 3. Bg2 Nf6 4. Nf3 Bf5 5. b3 e6 6. Bb2 Nbd7 7. 0-0 h6 8. Nc3 Be7 9. d4 0-0 10. Ne5 Nxe5 11. dxe5 Nd7 12. e4 dxe4 13. Nxe4 Nc5 14. Qe2 Qd3 15. Qxd3 Nxd3 16. Bc3 Rfd8 17. Rfd1 Ba3 18. Rd2 Nc1 19. Nd6 Bxd6 20. exd6 Nd3 21. g4 Bh7 22. c5 Nxc5 23. Ba5 Rd7 24. Rc1 Ne4 25. Bxe4 Bxe4 26. Bc7 Bd5 27. Rd4 e5 28. Rb4 b5 29. Rc5 a5 30. Rbxb5 cxb5 31. Rxd5 f6 32. Rxb5 Kf7 33. a4 Ke6 34. b4 axb4 35. Rxb4 Kd5 36. a5 Ra6 37. Kg2 Kc5 38. Rb2 g6 39. Kf3 f5 40. Re2 Kd5 41. Rd2+ Kc5 42. gxf5 gxf5 43. Kg3 Rg7+ 44. Kh4 Kc6 45. Kh5 Ra8 46. Ra2 e4 47. Kh4 Rg4+ 48. Kh3 Rag8 49. Rc2+ Kd7 50. Rc5 Rf4 51. Re5 Rf3+ 0-1